000 00651nam a2200241Ia 4500
003 OSt
005 20221006144707.0
006 a|||||r|||| 00| 0
007 ta
008 221006b |||||||| |||| 00| 0 eng d
020 _cSh42.00 (each)
024 _a12,389
037 _cTextual
040 _aEASL
_cEASL
_beng
041 _2eng
_aeng
082 _aV41.N55<-N49, K4;1
100 _aBARNETT Doak
_9652625
245 0 _aCommunist China
_b Early years 1949-55
260 _aLondon
_bPall Mall Press
_c1964
300 _a336p.
_ccm.
942 _hV41.N55<-N49, K4;1
_cTEXL
_2CC
999 _c1080475
_d1080475